000 00619cab a22001935a 4500
001 L156757
008 120710e20120630xxk 000 0 eng d
035 _a(Sirsi) u156757
041 0 _aeng
100 1 _aDollar, Peta
245 0 0 _aCharging ahead
260 _c2012
490 _aEstates Gazette
_v(1226) 30 June 2012, 92-93(2)
520 _aExplanation of planning obligations, planning gain and the Community Infrastructure Levy along with the historical context for these planning agreements.
590 _aKA
651 4 _aEngland and Wales
_y1543-
690 _aPlanning and development
_96259
942 _n0
999 _c84143
_d84143